| 000 | 00876nac a22002291u 4500 | ||
|---|---|---|---|
| 010 | _a 2004009046 | ||
| 020 | _a076372677X | ||
| 082 | 0 | 0 |
_a005.8 _bSo471 |
| 090 |
_c2022 _d2022 |
||
| 100 | _aSolomon, Michael, | ||
| 245 | 1 | 0 |
_aInformation security illuminated / _cMichael G. Solomon, Mike Chapple. |
| 260 |
_aSudbury, MA : _bJones and Bartlett,2005 _c2005. |
||
| 300 |
_axxv, 447 p. : _bill. ; _c24 cm. |
||
| 440 | 0 | _aJones and Barlett illuminated series | |
| 500 | _aIncludes index. | ||
| 650 | 0 | _aComputer security. | |
| 650 | 0 |
_aComputer networks _xSecurity measures. |
|
| 700 | 1 | _aChapple, Mike. | |
| 856 | 4 | 1 |
_3Table of contents _uhttp://www.loc.gov/catdir/toc/ecip0417/2004009046.html |
| 942 |
_cBB _k005.8So471 |
||
| 999 |
_c2022 _d2022 |
||